| 000 -ლიდერი |
| ფიქსირებული სიგრძის საკონტროლო ველი |
01511nam a2200241Ia 4500 |
| 001 - საკონტროლო ნომერი |
| საკონტროლო ველი |
4113 |
| 003 - საკონტროლო ნომრის იდენტიფიკატორი |
| საკონტროლო ველი |
GE_BSU |
| 005 - ბოლო ოპერაციის თარიღი და დრო |
| საკონტროლო ველი |
20190919112704.0 |
| 008 - ფიქსირებული სიგრძის მონაცემთა ელემენტები - ზოგადი ინფორმაცია |
| ფიქსირებული სიგრძის საკონტროლო ველი |
181216s1979||||ge |||||||||||||| ||geo|| |
| 040 ## - კატალოგიზაციის წყარო |
| Transcribing agency |
GE_BSU |
| 041 ## - ენის კოდი |
| Language code of text/sound track or separate title |
geo |
| 080 ## - უნივერსალური ათობითი კლასიფიკაციის ინდექსი |
| Universal Decimal Classification number |
39(479.22)+68(479.22) მ-36 |
| 245 ## - ცნობა სათაურის შესახებ |
| Title |
მასალები საქართველოს შინამრეწველობისა და წვრილი ხელოსნობის ისტორიისათვის : 5 ტომად : |
| Remainder of title |
ტ. 2. ნაწ. 1. მეჭურჭლეობა / |
| Statement of responsibility, etc |
ი. ჯავახიშვილის საერთო რედ. |
| 264 ## - წარმოების, გამოცემის, დისტრიბუციის და სხვა ცნობები |
| გამოცემის, წარმოების, დისტრიბუციის... ადგილი |
თბ.: |
| გამოცემის, წარმოების, დისტრიბუციის... სახელწოდება |
მეცნიერება, |
| გამოცემის, წარმოების, დისტრიბუციის... თარიღი |
1979. |
| 300 ## - ფიზიკური აღწერა |
| Extent |
331 გვ. : |
| Other physical details |
13 ფ. ტაბ. , |
| Dimensions |
26 სმ. . |
| 501 ## - შენიშვნა თანმხლებ მასალაზე |
| With note |
საძიებლები: გვ. 276-315. |
| 653 ## - INDEX TERM--UNCONTROLLED |
| Uncontrolled term |
შინამრეწველობის ისტორია საქართველოში |
| 653 ## - INDEX TERM--UNCONTROLLED |
| Uncontrolled term |
წვრილი ხელოსნობის ისტორია საქართველოში |
| 653 ## - INDEX TERM--UNCONTROLLED |
| Uncontrolled term |
ჭურჭლის წარმოება საქართველოში |
| 700 ## - ADDED ENTRY--PERSONAL NAME |
| Personal name |
ჯავახიშვილი, ი. |
| Relator term |
რედაქტორი |
| 9 (RLIN) |
4110 |
| 710 ## - ADDED ENTRY--CORPORATE NAME |
| Corporate name or jurisdiction name as entry element |
საქ. სსრ მეცნ. აკად., ივ. ჯავახიშვილის სახ. ისტორიის, არქეოლ. და ეთნოგრ. ინ-ტი. |
| 9 (RLIN) |
1566 |
| 942 ## - ADDED ENTRY ELEMENTS (KOHA) |
| Koha item type |
წიგნი |
| Source of classification or shelving scheme |
|